000 00644nam a22001577a 4500
003 OSt
005 20150914085911.0
008 150914b xxu||||| |||| 00| 0 eng d
040 _cRUA
082 _aAGR PRO 2000 B022 Or.1
100 _9425
_aPROM, MONY.
245 _aវិធានការកំចាត់ដង្កូវយោលទោងលើដំណាំបន្លែអំបូរគ្រូស៊ីហ្វីក្នុងស្រុកកៀនស្វាយ ( the measure to control d.b.m on crucifer croops in dien svay district)
260 _aPhnom Penh
_bRUA
_c2000
300 _a82p.
_bill.
_c29cm.
942 _2ddc
_cAGR
999 _c403
_d403